Т. 1 : Рассказы о пилоте Пирксе. Маска; Сочинения в двух томах; Испытание; Условный рефлекс;Патруль; Альбатрос; Терминус; Охота на Сэтавра; Рассказ Пиркса; Несчастный случай; Дознание; Маска

Bibliografiset tiedot
Parent link:Лем, Станислав. Сочинения в двух томах: пер. с пол./ Станислав Лем; сост. А. Лаврин, худож. В. Феногенов. Т. 1 : Рассказы о пилоте Пирксе. Маска.— .— Москва: МП Фирма "Ф. Грег", 1992.— 5-87202-022-8
Kieli:venäjä
Julkaistu: 1992
TOC:Испытание; Условный рефлекс;Патруль; Альбатрос; Терминус; Охота на Сэтавра; Рассказ Пиркса; Несчастный случай; Дознание;
Маска;
Aiheet:
Aineistotyyppi: Kirja
KOHA link:https://koha.lib.tpu.ru/cgi-bin/koha/opac-detail.pl?biblionumber=161401

MARC

LEADER 00000nam2a2200000 4500
001 161401
005 20241119120512.0
010 |a 5-87202-023-6 
035 |a (RuTPU)RU\TPU\book\175019 
090 |a 161401 
100 |a 20090608d1992 m||y0rusy5003 ca 
101 1 |a rus  |c pol 
102 |a RU 
105 |a a z 000ay 
181 0 |a i   |b  e  
182 0 |a n 
183 0 |a nc  |2 RDAcarrier 
200 0 |a Т. 1 : Рассказы о пилоте Пирксе. Маска 
203 |a Текст  |b визуальный  |c непосредственный 
210 |d 1992 
215 |a 351 с.  |c ил. 
283 |a volume  |2 RDAcarrier 
461 1 |0 676572  |9 676572  |a Лем, Станислав  |t Сочинения в двух томах  |o пер. с пол.  |v Т. 1 : Рассказы о пилоте Пирксе. Маска  |f Станислав Лем  |g сост. А. Лаврин, худож. В. Феногенов  |c Москва  |n МП Фирма "Ф. Грег"  |d 1992  |y 5-87202-022-8 
464 1 |t Испытание; Условный рефлекс;Патруль; Альбатрос; Терминус; Охота на Сэтавра; Рассказ Пиркса; Несчастный случай; Дознание  |o рассказы 
464 1 |t Маска  |o повесть 
606 1 |a Польская литература  |9 69434 
610 1 |a научная фантастика 
610 1 |a рассказы 
610 1 |a фантастика 
610 1 |a повести 
610 1 |a художественная литература 
675 |a 884  |v 4 
801 0 |a RU  |b RuMRKP  |c 19950417  |g psbo 
801 1 |a RU  |b 63413507  |c 20090608  |g PSBO 
801 2 |a RU  |b 63413507  |c 20201012  |g PSBO 
942 |c BK